| 000 | 01427nam a22004217a 4500 | ||
|---|---|---|---|
| 001 | 000095120 | ||
| 003 | CHAP | ||
| 005 | 20220329143057.0 | ||
| 008 | 060125d2004 mx r 00110 spa d | ||
| 010 | _a91586 | ||
| 011 | _a92558 | ||
| 020 | _a9707530367 | ||
| 035 | _a103123 | ||
| 040 | _cCHAP | ||
| 090 | _aFolleto 17119 | ||
| 100 | 1 |
_aOseguera, Andrés. _984183 |
|
| 245 | 1 | 0 |
_aChontales de Oaxaca / _c/por Andrés Oseguera. |
| 260 |
_aMéxico, D. F. : _bComisión Nacional para el Desarrollo de los Puelos Indígenas, _c2004. |
||
| 300 |
_a48 p. : _bilus. |
||
| 410 | 0 | 0 | _aPueblos Indígenas del México Contemporáneo |
| 590 |
_aBATCH-UPD _b10 _c20130110 _lUCH01 _h0630 |
||
| 590 |
_aBATCH-UPD _b10 _c20130410 _lUCH01 _h0313 |
||
| 590 |
_aBATCH-UPD _b10 _c20130914 _lUCH01 _h0928 |
||
| 590 |
_aBATCH-UPD _b10 _c20140827 _lUCH01 _h0949 |
||
| 590 |
_aCONVERSION _b10 _c20130109 _lUCH01 _h1351 |
||
| 590 |
_aE11695DGD _b10 _c20140903 _lUCH01 _h0825 |
||
| 650 | 1 | 4 |
_aChontales _xEconomía. _9128016 |
| 650 | 1 | 4 |
_aChontales _xHistoria. _9128017 |
| 650 | 1 | 4 |
_aChontales _xReligión y mitología. _9128015 |
| 650 | 1 | 4 |
_aChontales _xVida social y costumbres. _9128013 |
| 650 | 1 | 4 |
_aIndios de Oaxaca _xChontales. _9128201 |
| 830 | 0 |
_aPueblos Indígenas del México Contemporáneo _992892 |
|
| 901 | _aBK | ||
| 905 | _aLilia | ||
| 942 | _cFOLL | ||
| 942 | _n0 | ||
| 949 |
_aFolleto 17119 _bBC _cFOLL _d33724000968368 _eTS1 _i103123 _sb |
||
| 999 |
_c91586 _d91586 |
||